000 00877nam0a22002771 4500
001 v19\rc\2035403
005 20251118181547.8
035 _a(NLR Aleph) 005113801
090 _a7521540
_c7521540
100 _a20080925d1917 u y0rusy50 ca
101 0 _arus
102 _aRU
105 _ay z |||||
200 1 _aУлица "Ременники" в городе Владимире
_fП.В. Ильинский
210 _aВладимир
_cтип. Губ. правл.
_d1917
215 _a[2], 5 с.
_d25
532 1 3 _aУлица Ременники в городе Владимире
700 1 _aИльинский
_bП.В.
_gПавел Васильевич
801 0 _aRU
_bNLR
_gpsbo
801 0 _aRU
_bRuMoRGB
_2psbo
801 1 _aRU
_bProSoft-M
_2rusmarc
852 _aNLR
_j37.75.8.240
899 _aRuMoRGB
_jA 218/50
942 _cBOOK
980 _aNB